000 00307 a2200157 4500
001 171554
020 _a
040 _cMagnum
100 _aBrandao, Maria do Carmo
240 1 0 _aBarata tonta
_lpor
245 1 0 _aBarata tonta
362 0 _a1899
440 1 _aRHJ
697 _aIJ/ANIMAIS
942 _cBK
999 _c171554
_d171554